000 00868nam a2200265Ia 4500
003 OSt
005 20220924122502.0
006 a|||||r|||| 00| 0
007 ta
008 220923b |||||||| |||| 00| 0 per d
020 _a978 1 84885 339 3 (hbk)
020 _c3240.90
024 _a243598
037 _b30195, 10/09/2010, Segment Book Distributors
_cTextual
040 _aARTS
_cARTS
_bper
041 _2per
_aper
082 _aO164,1H20:g(S:55), 111Q0
100 _aLewisohn Leonard Ed.
_9189638
245 0 _aHafiz and the religion of love in classical persian poetry
260 _aLondon
_bI B Tauris UK
_c2010
300 _axxvi,330p
_ccm.
650 _aENGLISH LITERATURE
942 _hO164,1H20:g(S:55), 111Q0
_cTEXL
_2CC
999 _c411810
_d411810